Pokémon - Les attaques de Ningale - Statistiques

Statistiques générales
  • Ce quiz a été pris 13 fois
  • Le résultat moyen est 9 sur 10
Statistiques - réponses
Niveaux Types Noms des coups % Correct
Niveau 30 Normal Combo-Griffe
100%
Niveau 15 Sol Coud'Boue
100%
Départ Normal Griffe
100%
Niveau 25 Acier Griffe Acier
100%
Départ Sol Jet de Sable
100%
Niveau 40 Sol Tunnel
100%
Niveau 21 Plante Vol-Vie
100%
Niveau 5 Normal Armure
83%
Niveau 35 Normal Lire-Esprit
50%
Niveau 10 Normal Faux-Chage
17%
Aucun quiz correspondant
Distribution des résultats
% des personnes avec chaque résultat
Percentile par nombre de réponses
Votre historique - résultats
Vous n’avez pas pris ce quiz